Soal jawab Peperiksaan Am Kerajaan

Bibliographic Details
Main Author: Tang, Chee Yee (Author)
Format: Book
Language:Malay
Published: Petaling Jaya : Penerbit Fajar Bakti 1990
Subjects:

MARC

LEADER 00000cam a2200000 7i4500
001 0000002925
005 20240912.0
008 991211 my may
020 |a 9676514667 
040 |a INS   |b eng   |e rda 
090 0 0 |a RDS596.5   |b .T36 1990 
100 1 |a Tang, Chee Yee ,   |e author 
245 1 0 |a Soal jawab Peperiksaan Am Kerajaan   |c Tang Chee Yee 
264 1 |a Petaling Jaya :   |b Penerbit Fajar Bakti   |c 1990 
300 |a viii, 223 pages ;   |c 21 cm. 
336 |a text  |2 rdacontent 
337 |a unmediated  |2 rdamedia 
338 |a volume  |2 rdacarrier 
504 |a Includes bibliographical references 
651 0 |a Malaysia   |x Official and employees   |x Examinations 
999 |a 0000004302   |b BOOK   |c Red Spot   |e Default branch